<?xml version="1.0" encoding="UTF-8"?>
<record
    xmlns:xsi="http://www.w3.org/2001/XMLSchema-instance"
    xsi:schemaLocation="http://www.loc.gov/MARC21/slim http://www.loc.gov/standards/marcxml/schema/MARC21slim.xsd"
    xmlns="http://www.loc.gov/MARC21/slim">

  <leader>02769nam a22002777a 4500</leader>
  <controlfield tag="003">OSt</controlfield>
  <controlfield tag="005">20260511181452.0</controlfield>
  <controlfield tag="008">260428b        |||||||| |||| 00| 0 eng d</controlfield>
  <datafield tag="022" ind1=" " ind2=" ">
    <subfield code="a">2352-5509</subfield>
  </datafield>
  <datafield tag="040" ind1=" " ind2=" ">
    <subfield code="a">TBS</subfield>
    <subfield code="b">EN</subfield>
    <subfield code="c">TBS</subfield>
  </datafield>
  <datafield tag="041" ind1=" " ind2=" ">
    <subfield code="a">eng</subfield>
  </datafield>
  <datafield tag="100" ind1=" " ind2=" ">
    <subfield code="a">Das, Ankita</subfield>
    <subfield code="9">26970</subfield>
    <subfield code="e">author</subfield>
  </datafield>
  <datafield tag="245" ind1=" " ind2=" ">
    <subfield code="a">Regenerative business strategies </subfield>
    <subfield code="b">: a database and typology to inspire business experimentation towards sustainability</subfield>
    <subfield code="c">/ Ankita Das, Nancy Bocken.</subfield>
  </datafield>
  <datafield tag="260" ind1=" " ind2=" ">
    <subfield code="b">Sustainable Production and Consumption,</subfield>
    <subfield code="c">2024</subfield>
  </datafield>
  <datafield tag="300" ind1=" " ind2=" ">
    <subfield code="a">529-544 pages.</subfield>
  </datafield>
  <datafield tag="490" ind1=" " ind2=" ">
    <subfield code="a">Sustainable production and consumption</subfield>
    <subfield code="v">vol.49</subfield>
  </datafield>
  <datafield tag="520" ind1=" " ind2=" ">
    <subfield code="a">In a time marked by growing environmental and societal challenges, where multiple planetary boundaries are being crossed, the way we conduct business practices needs to be rethought. Regenerative business models offer a path towards a more responsible future by incorporating strategies that go beyond net zero and focus on actively restoring the natural and social systems they operate in, creating a more holistic net positive impact. To date, much of the research on this topic is conceptual and there is a need for more empirical insights on how regenerative strategies can be implemented. This study uses purposive sampling to conduct a comprehensive practice review of 84 regenerative business cases from 15 sectors, to build the novel Regenerative Business Case Database. A typology of six archetypal regenerative business strategies was also derived, including: (1) regenerative leadership, (2) nature regeneration, (3) social regeneration, (4) responsible sourcing, (5) human health &amp; wellbeing focus, and (6) employee level focus. The predominant sectors with regenerative innovations were food, consumer goods and fashion. Many companies were found to be employing multiple strategies concurrently, while collaborating with local organisations. While some may argue that regenerative business strategies cannot be successful in a competitive market, the results contain examples of stable businesses pursuing regenerative strategies dating back to the 1870's. The aim of this study was to build a database and typology of successful regenerative business cases and strategies that can serve as inspiration for further business model experimentation. Future research could explore how innovations towards such business models develop, and what regulatory frameworks allow them to flourish.</subfield>
  </datafield>
  <datafield tag="630" ind1=" " ind2="0">
    <subfield code="a">B2 PBT Regenerative Leadership (BiM)</subfield>
    <subfield code="9">26902</subfield>
  </datafield>
  <datafield tag="650" ind1=" " ind2="0">
    <subfield code="a">Circular economy</subfield>
    <subfield code="9">26971</subfield>
  </datafield>
  <datafield tag="650" ind1=" " ind2="0">
    <subfield code="a">Econometric models</subfield>
    <subfield code="9">9717</subfield>
  </datafield>
  <datafield tag="650" ind1=" " ind2="0">
    <subfield code="a">Industrial management</subfield>
    <subfield code="9">20469</subfield>
  </datafield>
  <datafield tag="650" ind1=" " ind2="0">
    <subfield code="a">Leadership</subfield>
    <subfield code="9">2600</subfield>
  </datafield>
  <datafield tag="700" ind1=" " ind2=" ">
    <subfield code="a">Bocken, Nancy</subfield>
    <subfield code="9">12569</subfield>
    <subfield code="e">author</subfield>
  </datafield>
  <datafield tag="856" ind1=" " ind2=" ">
    <subfield code="u">https://doi-org.hub.tbs-education.fr/10.1016/j.spc.2024.06.024</subfield>
  </datafield>
  <datafield tag="942" ind1=" " ind2=" ">
    <subfield code="2">lcc</subfield>
  </datafield>
  <datafield tag="952" ind1=" " ind2=" ">
    <subfield code="0">0</subfield>
    <subfield code="1">0</subfield>
    <subfield code="2">lcc</subfield>
    <subfield code="4">0</subfield>
    <subfield code="7">0</subfield>
    <subfield code="8">CT</subfield>
    <subfield code="a">TBS</subfield>
    <subfield code="b">TBS</subfield>
    <subfield code="d">2026-05-11</subfield>
    <subfield code="l">0</subfield>
    <subfield code="r">2026-05-11</subfield>
    <subfield code="u">https://doi-org.hub.tbs-education.fr/10.1016/j.spc.2024.06.024</subfield>
    <subfield code="w">2026-05-11</subfield>
    <subfield code="y">ARTICLE</subfield>
  </datafield>
  <datafield tag="999" ind1=" " ind2=" ">
    <subfield code="c">5427</subfield>
    <subfield code="d">5427</subfield>
  </datafield>
</record>
